000 00641nam a22002417a 4500
003 UA-OsUOA
001 40560
007 ta
008 20080613b un ||||| |||| 00| 0 ukr d
100 _aМошинський Юрій
090 _a82-94
_bМ87
942 _cBK
040 _aUA-OsUOA
_bukr
_cUA-OsUOA
_dUA-OsUOA
245 _aУ світі мистецьких чарів
300 _a323 с.
955 _a3
041 _aukr
080 _a82-94
260 _aЧікаго
_c1963
246 3 1 _aВраження з подорожі
650 7 _a82 Література. Літературознавство
_2UDC
999 _c439066
_d439066